| 000 | 00806nmc a2200289 a 4500 | ||
|---|---|---|---|
| 003 | AR-BaBNM | ||
| 005 | 20251128205741.0 | ||
| 008 | 138019s1996 ||||||||||||||000 | spa|| | ||
| 020 | _a987-96077-0-8 | ||
| 040 | _cAR-BaBNM | ||
| 100 | 1 | _aLosa, Néstor Osvaldo | |
| 245 | 1 | 0 | _aElementos de derecho público provincial y municipal |
| 260 |
_aBuenos Aires _bGeema _c1996 |
||
| 300 | _a163 p. | ||
| 490 | 0 | _aDe Lure | |
| 504 | _aBibliografía para consultar p. 159-163 | ||
| 650 | 4 | _aDERECHO PUBLICO | |
| 650 | 4 | _aADMINISTRACION PUBLICA | |
| 650 | 4 | _aACTOS ADMINISTRATIVOS | |
| 650 | 4 | _aFUNCION PUBLICA | |
| 650 | 4 | _aLEGISLACION ARGENTINA | |
| 650 | 4 | _aREGIONALISMO | |
| 700 | 1 |
_aGómez, Alejandro _eprologuista |
|
| 800 | 1 |
_aLosa, Néstor O. _edirector |
|
| 942 | _cBK | ||
| 998 | _cMariana | ||
| 999 |
_c12668 _d12668 |
||